đŸŽ¶ Paroles "Tu es mon autre" Lara Fabian et Maurane - Statistiques

Statistiques générales
  • Ce quiz a Ă©tĂ© pris 266 fois
  • Le rĂ©sultat moyen est 194 sur 227
Statistiques - réponses
Mots % Correct
Ă 
100%
a
100%
Ah ah...
100%
autre
100%
es-
100%
es
100%
m'
100%
ma
100%
Ma
100%
mon
100%
Mon
100%
tu ?
100%
Tu
100%
tu
100%
d'
99%
De
99%
de
99%
et
99%
Et
99%
L'
99%
l'
99%
La
99%
toi
98%
Toi,
98%
j'
96%
n'
96%
force
95%
qu'
95%
un
95%
mais
94%
Mais
94%
qui
94%
Qui
94%
le
93%
me
91%
nous
91%
Nous
91%
pas
91%
Si
91%
si
91%
ou
90%
ton
90%
infini
89%
je
89%
seul
89%
en
88%
étions
88%
ici
88%
loi
88%
serions
88%
sƓur
88%
suis
88%
ne
86%
plus
86%
rien
86%
une
86%
frĂšre
85%
Moi,
85%
arche
84%
faiblesse
83%
perdue
83%
insolence
82%
Jumeau
82%
lien
82%
contigu
81%
vue
81%
Âme
80%
animal
80%
droit
80%
gardes
80%
grand
80%
foi
78%
les
78%
Les
78%
quand
77%
mystĂšre
76%
seule
75%
langue,
72%
parles
72%
que
72%
entendre
70%
fait
70%
tombe
70%
mot
69%
aucun
67%
déçu
67%
tremble
67%
y
67%
comprendre
66%
silences
66%
Car
65%
deux
64%
Il
64%
ĂȘtre
62%
nos
62%
passe
62%
Celle
59%
intrus
59%
vies
58%
enrubannes
57%
reconnu
57%
maudits
55%
embryonnes
54%
arbre
49%
loin
47%
attendre
46%
pourra
46%
ciel
41%
Entre
41%
jamais
41%
seras
41%
trop
39%
derniĂšre
36%
ombre
36%
seconde
33%
gardera
30%
fruit
25%
Aucun quiz correspondant
Distribution des résultats
% des personnes avec chaque résultat
Percentile par nombre de réponses
Votre historique - résultats
Vous n’avez pas pris ce quiz